Математики и математические достижения во время Великой Отечественной войны; Салют, Победа!

Bibliografiske detaljer
Parent link:Салют, Победа!.— 2014.— [С. 83-85]
Hovedforfatter: Сорокин П. Д.
Institution som forfatter: Национальный исследовательский Томский политехнический университет Юргинский технологический институт
Andre forfattere: Князева О. Г. Ольга Геннадьевна (научный руководитель)
Summary:Заглавие с титульного экрана
Sprog:russisk
Udgivet: 2014
Serier:История Великой Отечественной войны
Fag:
Online adgang:http://earchive.tpu.ru/handle/11683/73721
Format: MixedMaterials Electronisk Book Chapter
KOHA link:https://koha.lib.tpu.ru/cgi-bin/koha/opac-detail.pl?biblionumber=634886

MARC

LEADER 00000naa2a2200000 4500
001 634886
005 20231102024746.0
035 |a (RuTPU)RU\TPU\conf\36712 
035 |a RU\TPU\conf\36711 
090 |a 634886 
100 |a 20220929d2014 k y0rusy50 ca 
101 0 |a rus 
102 |a RU 
105 |a y z 101zy 
135 |a drgn ---uucaa 
181 0 |a i  
182 0 |a b 
200 1 |a Математики и математические достижения во время Великой Отечественной войны  |f П. Д. Сорокин  |g науч. рук. О. Г. Князева 
203 |a Текст  |c электронный 
225 1 |a История Великой Отечественной войны 
230 |a 1 компьютерный файл (pdf; 207 Кб) 
300 |a Заглавие с титульного экрана 
320 |a [Библиогр.: с. 85 (2 назв.)] 
337 |a Adobe Reader 
463 0 |0 (RuTPU)RU\TPU\conf\5405  |t Салют, Победа!  |o сборник трудов IV Всероссийской научно-практической военно-исторической конференции с международным участием, 14 мая 2014 г., г. Юрга  |f Национальный исследовательский Томский политехнический университет (НИ ТПУ), Юргинский технологический институт (ЮТИ) ; под ред. Д. А. Чинахова  |v [С. 83-85]  |d 2014 
610 1 |a труды учёных ТПУ 
610 1 |a электронный ресурс 
610 1 |a математики 
610 1 |a математические достижения 
610 1 |a Великая Отечественная война 1941-1945 
610 1 |a научная деятельность 
610 1 |a ученые-математики 
700 1 |a Сорокин  |b П. Д. 
702 1 |a Князева  |b О. Г.  |c специалист в области естествознания  |c старший преподаватель Юргинского технологического инстиута (филиала) Томский политехнический университет  |f 1978-  |g Ольга Геннадьевна  |2 stltpush  |4 727  |9 10822 
712 0 2 |a Национальный исследовательский Томский политехнический университет  |b Юргинский технологический институт  |c (2009- )  |h 349  |2 stltpush  |3 (RuTPU)RU\TPU\col\15903 
801 2 |a RU  |b 63413507  |c 20221107  |g RCR 
856 4 |u http://earchive.tpu.ru/handle/11683/73721 
942 |c BK